01407nam a2200337Ia 4500001001200000003000800012006001900020007001500039008004100054020002400095020002700119040002100146035002100167050002800188100002700216245011100243260003400354300002300388490005100411504005100462533015200513600003600665650003300701650004100734651005100775655002900826710001700855830005200872856012600924999001901050ebr10209736CaPaEBRm u cr cn|||||||||060602s2007 enka sb 001 0beng d z1845113640 (hbk.) : z9781845113643 (hbk.) : aCaPaEBRcCaPaEBR a(OCoLC)42750697214aDT107.2.G67bH86 2007eb1 aHunter, Archie,d1929-10aPower and passion in Egypth[electronic resource] :ba life of Sir Eldon Gorst 1861-1911 /cArchie Hunter. aLondon :bI.B. Tauris,c2007. axi, 276 p. :bill.1 aInternational library of colonial history ;v7 aIncludes bibliographical references and index. aElectronic reproduction.bPalo Alto, Calif. :cebrary,d2009.nAvailable via World Wide Web.nAccess may be limited to ebrary affiliated libraries.10aGorst, Eldon,cSir,d1861-1911. 0aDiplomatszEgyptvBiography. 0aDiplomatszGreat BritainvBiography. 0aEgyptxHistoryyBritish occupation, 1882-1936. 7aElectronic books.2local2 aebrary, Inc. 0aInternational library of colonial history ;v7.40uhttp://site.ebrary.com/lib/rucke/Doc?id=10209736zAn electronic book accessible through the World Wide Web; click to view c227358d227358